Medieval Weapons and Armor - Statistics

General Stats
  • This quiz has been taken 232 times
  • The average score is 5 of 14
Answer Stats
Hint Answer % Correct
A sword that can hardly be used for blocking and is mostly used for piercing. Can be used alongside a buckler. Rapier
75%
A larger bow used by the English archers during the Hundred Years' War against the French with great success. Longbow
70%
Armor used by both knights and soldiers that could afford it. Made with rings of metal chained together. Chainmail
65%
A sword that has almost the same length as a polearm with a long crossguard and is used with both hands. Zweihänder
47%
A long shield with a rounded top and a pointy bottom. Largely used by early normans and anglo-saxons. Kite Shield
42%
A small curved bow heavily used by the mongols for its effectiveness on horseback Recurve Bow
41%
Club-like weapon with a spiked head that can either be rounded or flat. Morningstar
39%
An axe mostly used by vikings and anglo-saxons. Acustomed with an approximately 1 meter long haft and thin blade. Dane Axe
36%
A weapon effectively used against heavily armored opponents with a head that can resemble a hammer head on one side and a pick on the other. War hammer
36%
A simple but effective weapon that resembles that of a simple walking-stick. Quarterstaff
27%
Armor made of sewn together linen that can be used with or without plate armor. Gambeson
21%
Armor made by upwards overlapping rectangles of metal or leather put tightly together by pieces of rope. Lamellar
15%
Italian helmet resembling that of an ancient Greek helmet. Barbute
14%
A pole weapon with a head that resembles that of a large axe head Bardiche
11%
No matching quizzes found
Score Distribution
Percent of People with Each Score
Percentile by Number Answered
Your Score History
You have not taken this quiz